| 000 | 00362nam a2200145Ia 4500 | ||
|---|---|---|---|
| 008 | 150201s2010 xx 000 0 und d | ||
| 082 |
_a611 _bA10R |
||
| 100 | _aROSS & WILSON | ||
| 245 | _aANATOMY AND PHYSIOLOGY IN HEALTH AND ILLNESS | ||
| 250 | _a11TH | ||
| 260 |
_bCHURCHILL _aDELHI _c2010 |
||
| 300 | _a1-494 | ||
| 650 | _aHUMAN ANATOMY | ||
| 942 |
_2ddc _cBK _08 |
||
| 999 |
_c1328 _d1328 |
||